[Event "POL-chT Ekstraliga 2018"]
[Site "Gorzow"]
[Date "2018.06.08"]
[Round "1"]
[White "Wojtaszek, Radoslaw"]
[Black "Mista, Aleksander"]
[Result "1-0"]
[WhiteElo "2730"]
[BlackElo "2599"]
[Annotator "TA"]
[PlyCount "94"]
[EventDate "2018.06.08"]
[EventType "team-tourn"]
[EventCountry "POL"]
[SourceTitle "playchess.com"]
[Source "ChessBase"]
[SourceQuality "1"]

{[%evp 15,94,6,0,-10,0,0,4,0,2,10,10,0,27,16,40,38,45,22,37,0,4,9,6,16,4,19,35,25,25,35,31,24,17,0,31,33,82,66,77,85,81,77,115,115,115,115,115,115,115,115,113,88,88,88,217,208,254,254,254,253,253,253,1793,1568,1369,1284,12823,12825,12829,12831,12832,12825,12835,12835,12836,12829,12835,12829,2223,2001,1162]} 1. d4 Nf6 2. c4 g6 3. Nf3 Bg7 4. g3 c6 5. Nc3 d5 6. Qb3 O-O 7. Bg2 Qb6 8. O-O Rd8 9. Bd2 {D78: Fianchetto Grünfeld: 6 0-0 c6} (9. h3 Bf5 10. Bf4 Na6 11. Qxb6 axb6 12. cxd5 Nxd5 13. Nxd5 Rxd5 14. Be5 Bxe5 15. dxe5 Be4 16. Rfd1 Bxf3 17. Bxf3 Rxe5 {0-1 (68) Li,C (2732)-Vachier Lagrave,M (2789) Riadh 2017}) 9... dxc4 10. Qxc4 Be6 11. Qa4 $146 {The position is equal.} ({Predecessor:} 11. Qd3 Bg4 12. Na4 Qa6 13. Nc5 Qxd3 14. Nxd3 Bxf3 15. Bxf3 Rxd4 16. Bc3 Rd8 {0-1 (75) Ashwath,R (2239)-Kozul,Z (2607) Sitges 2017}) 11... Bg4 12. e3 Nbd7 13. Qc2 c5 14. h3 Be6 15. Rfd1 Rac8 16. Be1 Nd5 17. Qe2 cxd4 18. Nxd4 Nxc3 19. Bxc3 Bc4 20. Qe1 {[#] aiming for b3.} Qc7 21. Rac1 {Ba5 is the strong threat.} Qb8 22. Ba5 Nb6 23. Bxb6 (23. b3 {feels hotter.} Ba6 24. Rxc8 Qxc8 25. Rc1 Qb8 26. a4) 23... axb6 24. Qb4 Bxd4 25. Rxd4 Rxd4 26. exd4 Bxa2 27. Ra1 $36 {[%mdl 2048] White is on the roll.} Bc4 28. Qxe7 Rd8 29. Bxb7 {Hoping for Ra8.} Re8 30. Qxe8+ Qxe8 31. Ra8 Kf8 32. Kg2 {[#]} Qxa8 $1 {[%mdl 512]} 33. Bxa8 $16 {[%mdl 4096] Endgame KB-KB} Ke7 34. Kf3 Kd6 (34... h6 $16 {is a better defense.}) 35. Kf4 f6 36. h4 {[%cal Bh3h4,Bh4g5][%mdl 32]} Be6 37. Be4 Bf7 38. g4 h6 $2 (38... Ke7 39. Ke3 Kd6) 39. g5 $18 {White is clearly winning.} hxg5+ 40. hxg5 Ke7 41. Bd3 Be8 42. d5 {[%cal Bd4d5,Bd5d6][%mdl 32]} Kf7 43. d6 Bd7 44. Bc4+ Kg7 45. Bd5 Bf5 46. Bc6 Kf7 47. Bb5 fxg5+ {Precision: White = 78%, Black = 38%.} 1-0

[Event "POL-chT Ekstraliga 2018"]
[Site "Gorzow"]
[Date "2018.06.08"]
[Round "1"]
[White "Krasenkow, Michal"]
[Black "Cyborowski, Lukasz"]
[Result "0-1"]
[WhiteElo "2631"]
[BlackElo "2514"]
[Annotator "TA"]
[PlyCount "78"]
[EventDate "2018.06.08"]
[EventType "team-tourn"]
[EventCountry "POL"]
[SourceTitle "playchess.com"]
[Source "ChessBase"]
[SourceQuality "1"]

{[%evp 15,78,21,22,16,22,-8,-8,-12,0,-10,-12,-17,-17,-12,35,31,42,-11,-11,-11,-12,-35,-38,-38,-15,-31,-31,-49,-52,-51,-56,-41,-32,-33,-42,-64,-65,-60,-44,-61,-63,-136,-120,-171,-72,-261,-166,-182,-84,-610,-611,-593,-587,-631,-652,-769,-761,-750,-748,-740,-666,-622,-575,-4910,-542]} 1. d4 d5 2. c4 e6 3. Nc3 Nf6 4. cxd5 exd5 5. Bg5 c6 6. e3 Be7 7. Bd3 Nbd7 {[%cal Bb8d7,Bd7f8,Bf8e6][%mdl 32]} 8. Nge2 Nf8 9. O-O {D35: Queen's Gambit Declined: Exchange Variation} (9. Qc2 Ne6 10. Bh4 g6 11. f3 O-O 12. O-O-O b6 13. g4 Bb7 14. Kb1 Rc8 15. Bxf6 Bxf6 16. h4 c5 17. h5 Qe7 18. f4 Rfe8 19. hxg6 fxg6 {1-0 (33) Wojtaszek,R (2738)-Yilmaz,M (2619) Batumi 2018}) 9... Ne6 10. Bxf6 (10. Bh4 {is interesting.} O-O 11. Rc1 Re8 12. Re1 Bd6 13. h3) 10... Bxf6 11. b4 {The position is equal.} O-O 12. Qb3 a6 $146 ({Predecessor:} 12... Be7 13. b5 Bd6 14. Rad1 Bd7 15. f4 g6 16. e4 dxe4 17. Nxe4 {½-½ (65) Hillarp Persson,T (2511)-Ernst,T (2459) Gothenburg 2005}) 13. a4 Qd6 14. b5 Rd8 15. bxc6 bxc6 16. Rab1 ({White should play} 16. Qc2 $1 $14) 16... a5 $11 17. Rfc1 Bd7 18. Bf5 g6 {[#] White must now prevent ...Rdb8.} 19. Bh3 Rdb8 20. Qc2 Rb4 21. Rxb4 axb4 ({Don't play} 21... Qxb4 $6 22. Nf4 $11) 22. Nb1 {[%cal Bc3b1,Bb1d2,Bd2b3,Bb3c5][%mdl 32]} Be7 $36 {[%mdl 2048] Black fights for an advantage.} 23. Bxe6 fxe6 24. Nd2 e5 25. Nb3 exd4 ({Of course not} 25... Rxa4 26. dxe5 Qc7 27. e6 $11) 26. exd4 Rxa4 27. Nc5 Ra8 28. Qb3 (28. Qd2 $15) 28... Rb8 29. Ra1 (29. h3 $17) 29... Bf6 (29... Qc7 $19 {and Black stays clearly on top. Threatens to win with ...Bxc5.} 30. Nxd7 Qxd7) 30. Ra5 $2 (30. Ra7 $17 {keeps fighting.} Bf5 31. Qe3) 30... Bf5 {aiming for ...Qe7.} 31. h3 Qe7 (31... Rf8 $19 32. Ra4 Re8) 32. Qb2 $2 {[%mdl 8192] [#]} (32. Ra2 $17) 32... b3 $1 $19 {[%mdl 512] Black is clearly winning.} 33. Nxb3 Bd3 34. Qc3 Bxe2 35. Qxc6 Rxb3 36. Ra8+ Kg7 37. Re8 Qf7 38. Rxe2 Bxd4 {( -> ...Rb1+)} 39. Kh2 Rb2 {Precision: White = 37%, Black = 63%.} 0-1

[Event "POL-chT Ekstraliga 2018"]
[Site "Gorzow"]
[Date "2018.06.08"]
[Round "1"]
[White "Miton, Kamil"]
[Black "Bobras, Piotr"]
[Result "1/2-1/2"]
[WhiteElo "2604"]
[BlackElo "2499"]
[Annotator "TA"]
[PlyCount "78"]
[EventDate "2018.06.08"]
[EventType "team-tourn"]
[EventCountry "POL"]
[SourceTitle "playchess.com"]
[Source "ChessBase"]
[SourceQuality "1"]

{[%evp 33,78,32,20,5,10,-27,-22,-20,0,0,0,-43,-25,-79,-66,-64,0,0,0,0,0,0,0,0,0,0,0,0,43,22,18,14,277,14,14,14,13,0,0,0,39,0,0,0,18,-7,0]} 1. d4 d5 2. c4 c6 3. Nf3 Nf6 4. Nc3 dxc4 5. a4 Bf5 6. Ne5 e6 7. f3 Bb4 8. e4 Bxe4 9. fxe4 Nxe4 10. Bd2 Qxd4 11. Nxe4 Qxe4+ 12. Qe2 Bxd2+ 13. Kxd2 Qd5+ 14. Kc2 Na6 15. Nxc4 O-O 16. Qe5 {D17: Slav Defence: 5 a4 Bf5: Lines with 6 Nh4 and 6 Ne5} (16. Qf3 Rfd8 17. Be2 Qc5 18. Rhf1 Nb4+ 19. Kb1 Qe7 20. Ra3 Rd5 21. Qf2 c5 22. Rf3 Rf8 23. Rg3 Rfd8 24. h4 {½-½ (59) Fridman,D (2636)-Shmeliov,D (2443) Chicago 2018}) 16... f6 17. Qxd5 cxd5 {LiveBook: 8 Games} 18. Nd2 Rac8+ 19. Kb3 Nc5+ 20. Ka3 f5 $146 ({Predecessor:} 20... Kf7 21. Be2 Ke7 22. Rac1 e5 23. Rhe1 f5 {0-1 (41) Mortensen,R (1871)-Rodgaard,J (2338) Runavik 2016}) 21. Bb5 Kf7 22. Rac1 Ke7 23. Kb4 (23. Rhe1 $11) 23... Ne4 24. Nb3 Nd6 (24... e5 $15) 25. Rhe1 $11 Rxc1 26. Rxc1 Rc8 27. Rxc8 Nxc8 28. Kc5 Nd6 29. Bd3 Kd7 30. a5 Kc7 31. Nd4 b6+ 32. axb6+ axb6+ 33. Kb4 Kd7 34. Nf3 Nf7 35. Kb5 Kc7 36. Nd4 Nd8 37. Nf3 Nf7 {The position is equal.} 38. Nd4 Nd8 39. Nf3 Nf7 {Precision: White = 51%, Black = 67%.} 1/2-1/2

[Event "POL-chT Ekstraliga 2018"]
[Site "Gorzow"]
[Date "2018.06.08"]
[Round "1"]
[White "Tomczak, Jacek"]
[Black "Bartel, Mateusz"]
[Result "0-1"]
[WhiteElo "2598"]
[BlackElo "2602"]
[Annotator "TA"]
[PlyCount "64"]
[EventDate "2018.06.08"]
[EventType "team-tourn"]
[EventCountry "POL"]
[SourceTitle "playchess.com"]
[Source "ChessBase"]
[SourceQuality "1"]

{[%evp 26,64,22,32,56,51,85,84,75,32,34,35,22,0,0,0,0,0,0,0,0,-95,-93,-332,-322,-366,-316,-295,-256,-369,-362,-385,-386,-437,-301,-539,-534,-29991,-392,-29992,-29993]} 1. e4 c5 2. Nf3 Nc6 3. d4 cxd4 4. Nxd4 g6 5. c4 Nf6 6. Nc3 d6 7. Be2 Nxd4 8. Qxd4 Bg7 9. Bg5 O-O 10. Qd2 Be6 11. O-O Qa5 12. Rac1 Rfc8 13. b3 a6 14. f4 Rc5 {B36: Sicilian: Maroczy Bind: Gurgenidze System} 15. Qe3 h6 {[#]} (15... Re8 16. a4 Rcc8 17. Nd5 Qc5 18. Qxc5 Rxc5 19. Nxf6+ exf6 20. Bh4 Bd7 21. Bf3 g5 22. Bf2 {½-½ (36) Kobalia,M (2632)-Zvjaginsev,V (2660) Moscow 2015}) 16. Bh4 $1 Re8 {White is better.} 17. Bf2 $146 ({Predecessor:} 17. Na4 Rc6 18. Be1 Qc7 19. Bc3 Bd7 20. h3 Qb8 21. e5 b5 22. Nb2 {1-0 (64) Schwetlick,T (2432)-Kozlowski,W (2470) ICCF email 2008}) 17... Rcc8 18. h3 b5 {[%cal Rb5c4]} 19. cxb5 axb5 20. Nxb5 Rxc1 $1 21. Rxc1 {Nc7 is the strong threat.} Qxa2 22. Nc7 {Threatens to win with f5.} Rc8 23. b4 (23. Nxe6 $11 Rxc1+ 24. Qxc1 Qxe2 25. Qc8+ Kh7 26. Nf8+ Bxf8 27. Qxf8 Qd1+ 28. Kh2 Qxb3 29. Qxe7) 23... Qb2 $17 {Hoping for ...Ne8.} 24. Bf1 $2 {[#]} (24. Rc6 $17) 24... Ne8 $1 $19 (24... Qxb4 25. Nxe6 Rxc1 26. Qxc1 $11) 25. f5 Bd7 (25... Rxc7 $2 26. Rxc7 Nxc7 27. fxe6 $19) ({Weaker is} 25... Nxc7 26. fxe6 fxe6 27. Rc6 $14) 26. fxg6 Rxc7 27. gxf7+ (27. Rxc7 $142 Nxc7 28. Qa7) 27... Kxf7 28. Rxc7 Nxc7 29. Qa7 Qa1 30. Qxc7 $2 (30. Qxa1 Bxa1 31. Bc4+ Kg7 32. Bh4) 30... Bb5 $1 31. Bg3 Qxf1+ 32. Kh2 Bd4 {Precision: White = 29%, Black = 67%.} 0-1

[Event "POL-chT Ekstraliga 2018"]
[Site "Gorzow"]
[Date "2018.06.08"]
[Round "1"]
[White "Sadzikowski, Daniel"]
[Black "Czarnota, Pawel"]
[Result "0-1"]
[WhiteElo "2576"]
[BlackElo "2546"]
[Annotator "TA"]
[PlyCount "124"]
[EventDate "2018.06.08"]
[EventType "team-tourn"]
[EventCountry "POL"]
[SourceTitle "playchess.com"]
[Source "ChessBase"]
[SourceQuality "1"]

{[%evp 21,124,44,46,36,62,13,20,3,22,20,34,21,33,32,32,27,16,14,11,22,38,21,31,0,18,18,16,16,16,14,12,14,14,14,17,19,15,0,0,-4,-4,-3,-3,-4,-2,-4,-4,-7,-4,-7,-4,-4,-4,-4,-4,-4,-4,-4,-4,-5,0,-1,0,0,0,0,-1,-1,0,0,-4,-2,0,0,0,0,0,0,0,-67,-67,-67,-66,-84,-66,-1131,-1131,-29959,-29961,-29961,-29960,-29965,-29965,-29970,-1131,-29973,-29974,-29975,-29976,-29976,-29977,-29977,-29978,-29978,-29979]} 1. d4 Nf6 2. Nf3 g6 3. g3 Bg7 4. Bg2 O-O 5. O-O d6 6. Re1 Nbd7 7. e4 e5 8. Nc3 Re8 9. h3 c6 10. a4 a5 11. Be3 exd4 12. Bxd4 {B07: Pirc Defence: Miscellaneous Systems} Qc7 13. Nd2 (13. Qd2 Ne5 14. Nh2 Nc4 15. Qg5 Qd8 16. Na2 h6 17. Qc1 c5 18. Bc3 Nb6 19. b3 d5 20. exd5 Nbxd5 {½-½ (39) Rapport,R (2720)-Mamedyarov,S (2747) Reykjavik 2016}) 13... b6 14. Nc4 {The position is equal.} Ba6 15. Bxf6 Bxf6 16. Qxd6 Qxd6 17. Nxd6 Re6 {[#]} 18. Rad1 $146 ({Predecessor:} 18. Red1 Nc5 19. f4 Bxc3 20. bxc3 {1-0 (53) Makarov,M (2514)-Ozolin,M (2394) Pardubice 2005}) 18... Nc5 $1 {[#] And now ...Be5 would win.} 19. f4 Bxc3 20. bxc3 {e5 is the strong threat.} Nxa4 21. e5 Nxc3 22. Ra1 Rd8 23. Bxc6 Rdxd6 24. exd6 Rxd6 25. Bf3 {Black should prevent Re3.} Rd2 26. Re8+ Kg7 27. Rb8 Rxc2 28. Rxb6 Be2 29. Bc6 Bc4 30. Rxa5 Ne2+ 31. Kf2 {Black must now prevent Be4.} Nxf4+ 32. Ke3 Nxh3 33. Rc5 Re2+ 34. Kd4 (34. Kf3 $5 {[%cal Rc5c4]} Ng1+ 35. Kf4 Nh3+ 36. Kf3 Ng1+ 37. Kf4 Nh3+ 38. Kf3 $11) 34... Be6 35. Rb1 h6 36. Rbc1 Rb2 37. Ke3 Ng5 38. R1c2 Rb4 39. Bd5 Rg4 40. Rg2 Bxd5 (40... Ra4 {is interesting.} 41. Rd2 Bf5 42. Rc4 Ra3+ 43. Kf2 Nh3+) 41. Rxd5 $11 {[%mdl 4096] Endgame KRR-KRN} Ne4 42. Kf3 f5 43. Ra5 h5 44. Ra7+ Kh6 45. Ra3 Ng5+ 46. Kf2 $1 Rb4 47. Kg1 Ne4 48. Rc2 Kg5 49. Rc6 Rb2 50. Raa6 (50. Kf1 $11) 50... Kg4 $1 $15 {[%cal Rg4h3] [#] aiming for ...Kh3.} 51. Rxg6+ Kh3 {[%cal Rb2b1]} 52. Kf1 Nxg3+ 53. Rxg3+ $2 {[%mdl 8192]} (53. Ke1 $15) 53... Kxg3 $17 {KR-KR} 54. Rg6+ Kf3 {[%cal Rb2b1]} 55. Kg1 f4 {[%cal Bf5f4,Bf4f3][%mdl 32]} 56. Rg5 h4 57. Rf5 Rb1+ 58. Kh2 Ke4 {Black mates.} 59. Ra5 f3 60. Ra4+ Ke3 61. Ra3+ Ke2 62. Ra2+ Kf1 {Precision: White = 60%, Black = 76%.} 0-1

[Event "POL-chT Ekstraliga 2018"]
[Site "Gorzow"]
[Date "2018.06.08"]
[Round "1"]
[White "Kempinski, Robert"]
[Black "Navara, David"]
[Result "0-1"]
[WhiteElo "2575"]
[BlackElo "2727"]
[Annotator "TA"]
[PlyCount "40"]
[EventDate "2018.06.08"]
[EventType "team-tourn"]
[EventCountry "POL"]
[SourceTitle "playchess.com"]
[Source "ChessBase"]
[SourceQuality "1"]

{[%evp 14,40,15,0,0,-42,-40,-37,0,-50,-39,-55,-69,-133,-133,-249,-242,-403,-413,-420,-507,-510,-497,-548,-515,-556,-542,-629,-645]} 1. d4 Nf6 2. c4 e6 3. Nf3 b6 4. g3 Ba6 5. b3 Bb4+ 6. Bd2 Be7 7. Nc3 O-O 8. e4 d5 {E15: Queen's Indian: 4 g3 sidelines, 4 g3 Ba6 and 4 g3 Bb7 early deviations} 9. Qc2 (9. cxd5 Bxf1 10. Kxf1 exd5 11. e5 Ne4 12. Kg2 Qd7 13. Re1 Nxc3 14. Bxc3 Nc6 15. Nd2 Nd8 16. Nf1 f5 17. exf6 Bxf6 18. Ne3 Nf7 19. Qh5 c6 20. Ng4 Nd6 {½-½ (37) Inarkiev,E (2688)-Leko,P (2731) Sochi 2014}) 9... dxe4 10. Nxe4 c5 {Black is slightly better.} 11. dxc5 Bb7 12. Bd3 Nbd7 13. Be3 $146 (13. c6 $15 Bxc6 14. Rd1) ({Predecessor:} 13. b4 a5 14. Rd1 axb4 15. Bxb4 Bxc5 16. Bc3 Nxe4 17. Bxe4 Bxe4 18. Qxe4 {0-1 (45) Polak,T (2505)-Stohl,I (2495) Czech Republic 2016}) 13... Ng4 $36 {[%mdl 2048] Keeping White busy.} ({Much worse is} 13... Nxc5 $6 14. Bxc5 bxc5 15. O-O-O $15) ({Of course not} 13... bxc5 $6 14. h3 $11) 14. Ned2 (14. Be2 $17) 14... f5 $19 ({Weaker is} 14... Nxc5 15. Bxh7+ Kh8 16. Bxc5 $17) 15. Bd4 $2 {[#]} (15. c6 Bxc6 16. O-O) 15... Nxc5 16. Bxc5 Bxc5 17. O-O {Black is clearly winning.} Qf6 18. Rae1 e5 19. b4 Bxb4 20. c5 Bxc5 {Precision: White = 15%, Black = 80%.} 0-1

[Event "POL-chT Ekstraliga 2018"]
[Site "Gorzow"]
[Date "2018.06.08"]
[Round "1"]
[White "Heberla, Bartlomiej"]
[Black "Bartel, Michal"]
[Result "1-0"]
[WhiteElo "2569"]
[BlackElo "2360"]
[Annotator "TA"]
[PlyCount "39"]
[EventDate "2018.06.08"]
[EventType "team-tourn"]
[EventCountry "POL"]
[SourceTitle "playchess.com"]
[Source "ChessBase"]
[SourceQuality "1"]

{[%evp 18,39,34,14,21,33,62,0,108,104,565,557,641,645,606,640,637,632,614,564,588,585,913,912]} 1. d4 d5 2. Nf3 a6 3. Bg5 Nf6 4. e3 e6 5. c4 Be7 6. cxd5 exd5 7. Nc3 O-O 8. Bd3 Nbd7 9. Qc2 Re8 10. O-O-O {LiveBook: 5 Partien. D61: Damengambit (Hauptvariante mit 7.Dc2)} (10. h3 Nf8 11. Bf4 Be6 12. O-O Ng6 13. Bh2 c5 14. dxc5 Bxc5 15. Rfd1 Rc8 16. Nd4 Bxd4 17. exd4 Ne4 18. Bxe4 dxe4 19. Qxe4 {1-0 (46) Indjic,A (2519)-Miladinovic,I (2569) Vrnjacka Banja 2013}) 10... Nf8 11. Ne5 Ng4 12. Bf4 $146 (12. Bxe7 $14 Rxe7 13. Nf3) ({Vorgänger:} 12. Bxe7 Rxe7 13. Nf3 Nf6 14. h3 Bd7 15. Kb1 Bb5 16. Nxb5 axb5 17. Bxb5 {0-1 (47) Paulsen,D (2375)-Schuh,H Germany 1983}) 12... c5 {[#]} (12... Nxe5 $11 13. Bxe5 Be6) 13. Nxd5 $1 $16 Qa5 $2 {[%mdl 8192]} ({Vergiftet wäre} 13... Qxd5 $2 14. Bc4 $18) (13... Be6 $16) 14. Nc4 $18 {Weiß steht klar auf Gewinn.} Qxa2 15. Nc3 Qa1+ 16. Kd2 Qxd1+ 17. Kxd1 cxd4 18. Nd5 dxe3 19. fxe3 Ne6 20. h3 1-0

[Event "POL-chT Ekstraliga 2018"]
[Site "Gorzow"]
[Date "2018.06.08"]
[Round "1"]
[White "Plat, Vojtech"]
[Black "Piesik, Piotr"]
[Result "1-0"]
[WhiteElo "2551"]
[BlackElo "2353"]
[Annotator "TA"]
[PlyCount "47"]
[EventDate "2018.06.08"]
[EventType "team-tourn"]
[EventCountry "POL"]
[SourceTitle "playchess.com"]
[Source "ChessBase"]
[SourceQuality "1"]

{[%evp 24,46,16,0,31,15,47,0,0,7,68,67,68,72,95,72,86,95,99,87,108,110,825,826,29999]} 1. d4 Nf6 2. c4 e6 3. g3 c5 4. Nf3 cxd4 5. Nxd4 d5 6. Bg2 e5 7. Nf3 d4 8. O-O Nc6 9. e3 Be7 10. exd4 exd4 11. Bf4 O-O 12. Ne5 Qb6 13. Nd2 {[%cal Bb1d2,Bd2b3,Bb3d4,Bd4f5][%mdl 32] LiveBook: 5 Games. E01: Catalan: Early deviations} Be6 14. Qb3 {[#]} Qa6 $146 ({Predecessor:} 14... Rac8 15. Ndf3 Nxe5 16. Nxe5 Nh5 17. Qxb6 axb6 18. Bd2 Rc7 19. Rfe1 {1-0 (33) Nielsen,P (2644)-Topalov,V (2801) Monte Carlo 2006}) 15. Qb5 {White is slightly better.} Qxb5 16. cxb5 Nb4 ({Black should play} 16... Nxe5 $11 17. Bxe5 Rad8) 17. Nb3 $14 Bd5 18. Nxd4 Bxg2 19. Kxg2 Nfd5 20. Rfd1 Nxf4+ 21. gxf4 {Nf5 is the strong threat.} Rfd8 22. Nf5 Kf8 $2 {[%mdl 8192] [#]} (22... Bf8 $16) 23. Nd7+ $18 Ke8 24. Nxg7# 1-0

[Event "POL-chT Ekstraliga 2018"]
[Site "Gorzow"]
[Date "2018.06.08"]
[Round "1"]
[White "Olszewski, Michal"]
[Black "Tazbir, Marcin"]
[Result "1/2-1/2"]
[WhiteElo "2529"]
[BlackElo "2525"]
[Annotator "TA"]
[PlyCount "125"]
[EventDate "2018.06.08"]
[EventType "team-tourn"]
[EventCountry "POL"]
[SourceTitle "playchess.com"]
[Source "ChessBase"]
[SourceQuality "1"]

{[%evp 27,125,-8,-11,-10,-1,-17,-12,0,-6,-7,0,0,10,-7,0,0,0,0,0,0,0,0,0,-7,-7,-7,-10,-6,-6,0,8,0,0,0,0,-163,-154,-175,-186,-179,-183,-183,-180,-168,-168,-170,-156,-145,-120,-157,-104,-114,-118,-142,-114,-147,-143,-212,-152,-163,-166,-289,-190,-263,-222,-220,-177,-187,-151,-151,-151,-151,-66,-96,0,-147,-151,-150,-143,-173,-182,-189,-188,-247,-198,-224,-209,-209,-194,-219,-212,-160,-8,-8,-8,-8,-8,-8,-8,-8]} 1. Nf3 Nf6 2. c4 e6 3. b3 Be7 4. Bb2 O-O 5. g3 d5 6. Bg2 c5 7. O-O Nc6 8. e3 b6 9. Qe2 Bb7 10. Rd1 Qc8 {A14: Reti-Eröffnung} 11. Nc3 Rd8 12. d3 d4 13. exd4 Nxd4 14. Nxd4 cxd4 {LiveBook: 5 Partien} 15. Nb5 Bc5 {[#]} 16. b4 $146 {Droht Lxb7 und aus.} ({Vorgänger:} 16. Na3 Bxa3 17. Bxa3 {0-1 (59) Edouard,R (2628)-Blomqvist,E (2552) Novi Sad 2016}) 16... Bxb4 {Schwarz will ...Lc5 spielen.} 17. Nxd4 Bxg2 18. Kxg2 Bc5 19. Nf3 Be7 20. Ne5 Qb7+ 21. Qf3 Qxf3+ 22. Kxf3 Rac8 23. a4 Bb4 24. Rab1 Ne8 25. Ke2 Nd6 26. Nf3 Ba5 27. Rdc1 f6 28. Ba3 e5 29. Bxd6 Rxd6 30. Nh4 Rcd8 $36 {[%mdl 2048] Weiss steht unter Druck.} 31. Rc2 $2 (31. Rd1 $11 {und Weiss ist OK.}) 31... Rxd3 $19 32. Nf5 Rd2+ 33. Rxd2 Rxd2+ {[%mdl 4096] Endspiel KTL-KTS} (33... Bxd2 $2 {ist das falsche Schlagen.} 34. Rd1 $18) 34. Ke3 Rd7 35. Kf3 Kf7 36. Ne3 Ke6 37. Nd5 Kd6 38. Ke4 {[#]} Rf7 (38... f5+ $142 $1 {[%mdl 512]} 39. Ke3 (39. Kxf5 Rf7+) 39... Kc5) 39. Kd3 $17 f5 40. f3 Rf8 41. Rb2 g6 42. Ne3 (42. Re2 $17 {war die einzige Verteidigung.}) 42... a6 43. Nd5 Kc5 44. Rc2 (44. Rb1 $142) 44... Rd8 45. Ke2 (45. Ra2 {war nötig.}) 45... Rd7 46. g4 h6 47. h4 fxg4 48. fxg4 Rf7 49. Rc1 Kd4 (49... b5 $17 50. axb5 axb5) 50. Ne3 $15 Kc5 (50... Ke4 $142 51. c5 Rd7) 51. Nd5 $17 b5 52. axb5 axb5 53. Ne3 b4 54. Rd1 Bc7 55. Nd5 (55. Rd5+ $142 Kc6 56. Rb5) 55... e4 56. Ke3 Be5 57. Kxe4 Bg7 $1 58. Rb1 Rb7 $1 ({Schlechter ist} 58... Kxc4 59. Rxb4+ Kc5 60. Ra4 $11) 59. h5 {[#]} gxh5 $2 ({Lieber nicht} 59... Kxc4 {[#]} 60. Rxb4+ $1 {[%mdl 512]} Rxb4 61. Nxb4 $11) (59... g5 $1 $17 {Und weiter mit ...b3 wäre nett.} 60. Ne3 Ra7) 60. Nxb4 {Die Stellung ist ausgeglichen.} Rxb4 61. Rxb4 Kxb4 62. gxh5 Kxc4 63. Kf3 {Precision: Weiß = 63%, Schwarz = 63%.} 1/2-1/2

[Event "POL-chT Ekstraliga 2018"]
[Site "Gorzow"]
[Date "2018.06.08"]
[Round "1"]
[White "Antoniewski, Rafal"]
[Black "Piorun, Kacper"]
[Result "0-1"]
[WhiteElo "2521"]
[BlackElo "2631"]
[Annotator "TA"]
[PlyCount "144"]
[EventDate "2018.06.08"]
[EventType "team-tourn"]
[EventCountry "POL"]
[SourceTitle "playchess.com"]
[Source "ChessBase"]
[SourceQuality "1"]

{[%evp 18,144,43,48,58,35,32,34,55,55,49,45,56,20,16,0,0,0,0,-7,0,0,10,-18,-10,-12,-3,-6,0,0,0,0,0,0,0,-14,0,-8,0,0,-3,-15,-18,-15,-22,-16,-19,-20,-18,-37,-18,-31,-18,-27,-21,-35,0,-68,-54,-57,-37,-40,-28,-61,-60,-57,-55,-61,-62,-111,-143,-130,-72,-70,-76,-67,-45,-53,-35,-44,-18,-197,-183,-185,-178,-168,-159,-158,-129,-220,-209,-429,-409,-469,-494,-368,-307,-307,-276,-914,-849,-670,-554,-29959,-29960,-29961,-29961,-29961,-29958,-29960,-29961,-29961,-29963,-29963,-29964,-29962,-29965,-29965,-29963,-29966,-29965,-29965,-29964,-29984,-29984,-29984,-29985,-29984,-29984]} 1. Nf3 d5 2. e3 Nf6 3. b3 e6 4. Bb2 c5 5. d4 Nc6 6. Nbd2 Bd6 7. a3 O-O {D05: Colle System with ...e6} 8. dxc5 (8. Bd3 cxd4 9. exd4 Nd7 10. O-O Re8 11. Re1 b6 12. c4 Bb7 13. cxd5 exd5 14. Rxe8+ Qxe8 15. Qc2 {½-½ (41) Markowski,T (2558)-Socko,B (2651) Chorzow 2013}) 8... Bxc5 9. b4 Bb6 10. c4 {LiveBook: 5 Games} a6 11. Be2 Qe7 $146 ({Predecessor:} 11... Bc7 12. cxd5 exd5 13. Nb3 {1-0 (42) Bland,D (2001)-Zavadil,M (2115) Brno 2004}) 12. O-O Bc7 13. Rc1 dxc4 14. Bxc4 e5 15. e4 Be6 16. Qe2 Rfd8 17. Nb3 Bxc4 18. Rxc4 Nd7 {[%cal Bf6d7,Bd7f8,Bf8e6][%mdl 32]} 19. Rfc1 Bd6 20. Qe3 Nf8 21. g3 Ne6 22. R4c2 Bb8 23. Qe2 f6 24. Nc5 Nxc5 25. Rxc5 Ba7 26. R5c2 Rd7 27. Rd1 Rxd1+ 28. Qxd1 Rd8 29. Rd2 Rxd2 30. Qxd2 Qe6 31. Kg2 b5 32. Qc2 Kf7 33. Nd2 Bb6 34. h4 h5 35. Nf3 Ke7 36. Nd2 Nd8 37. Nb3 (37. Nb1 $11) 37... Nb7 38. Nd2 Kd7 39. a4 Nd6 40. axb5 axb5 41. Qd3 Qa2 42. Bc3 Qa4 43. Nf3 Qb3 $1 44. Ne1 Ke7 (44... Qa2 $142 45. Bd2 Qc4) 45. f3 $17 Qa2+ 46. Qc2 Qc4 47. Qd3 Ke6 48. Qd2 f5 49. exf5+ $2 (49. Bxe5 $1 $11 {and White stays safe.} Kxe5 50. Nd3+ Ke6 51. Nf4+ Kd7 52. e5) 49... Nxf5 $19 {( -> ...Ne3+)} 50. Qd3 {[#]} Qa2+ $1 51. Qd2 Qxd2+ 52. Bxd2 {[%mdl 4096] Endgame KBN-KBN} Kd5 53. Bg5 (53. Nc2 $17 {was worth a try.}) 53... Ne3+ 54. Kh3 $2 (54. Kf2 {was called for.} Nc2+ 55. Ke2 Nxb4 56. Be3 Bxe3 57. Kxe3) 54... Kc4 55. Be7 Nd5 56. Bd6 Nxb4 57. Bxe5 g6 {[%cal Bg7g6,Bg6h5][%mdl 32]} 58. g4 $2 (58. Kg2) 58... Nd3 59. Nxd3 Kxd3 60. gxh5 gxh5 {KB-KB. Black mates.} 61. Bd6 Kc4 62. f4 Kd5 (62... b4 {[#]} 63. Bxb4 $1 {[%mdl 512]} Kxb4 64. Kh2 $19) 63. Bb4 Ke4 64. Bd2 Bc7 65. Kg3 Bd6 66. Ba5 Bxf4+ 67. Kf2 Be5 68. Kg2 Kd3 69. Kf3 Bc3 70. Bc7 b4 {[%cal Bb5b4,Bb4b3][%mdl 32]} 71. Bd6 b3 72. Ba3 Kc2 {Precision: White = 51%, Black = 66%.} 0-1